Koncoročné povinnosti platiteľa dane

Ročné vyrovnanie odpočítanej DPH. Úprava odpočítanej dane. Výpočet úpravy odpočítanej dane. Praktické príklady.

Salvato in:
Dettagli Bibliografici
Autore principale: Jurišová, Anna
Natura: Capitolo di libro
Lingua:slovacco
Soggetti:
Tags: Aggiungi Tag
Nessun Tag, puoi essere il primo ad aggiungerne!!

MARC

LEADER 00000naa a2200000 4500
001 0261027
005 20200114123000.3
041 0 |a slo 
044 |a SK 
245 1 0 |a Koncoročné povinnosti platiteľa dane  |c Anna Jurišová 
520 |a Ročné vyrovnanie odpočítanej DPH. Úprava odpočítanej dane. Výpočet úpravy odpočítanej dane. Praktické príklady. 
610 2 0 |a dane z hodnoty pridanej 
610 2 0 |a odpočet dane 
610 2 0 |a daňovníci 
610 2 0 |a tovar 
610 2 0 |a služby 
610 2 0 |a nehnuteľnosti 
610 2 0 |a legislatíva 
100 1 |a Jurišová, Anna